K reforme verejnej správy
Vývoj právnej úpravy duálneho systému verejnej správy, ktorý je od roku 1990 poznamenaný viacerými zmenami s krátkodobou trvácnosťou. Analýza frekvencie zmien právnych predpisov.
Na minha lista:
| Autor principal: | |
|---|---|
| Formato: | Capítulo de Livro |
| Idioma: | eslovaco |
| Assuntos: | |
| Tags: |
Sem tags, seja o primeiro a adicionar uma tag!
|
MARC
| LEADER | 00000naa$a2200000$$$4500 | ||
|---|---|---|---|
| 001 | 0056125 | ||
| 005 | 20231102091932.6 | ||
| 041 | 0 | |a slo | |
| 044 | |a SK | ||
| 245 | 1 | 0 | |a K reforme verejnej správy |c Dušan Nikodým |
| 520 | |a Vývoj právnej úpravy duálneho systému verejnej správy, ktorý je od roku 1990 poznamenaný viacerými zmenami s krátkodobou trvácnosťou. Analýza frekvencie zmien právnych predpisov. | ||
| 610 | 2 | 0 | |a reformy sociálne |
| 610 | 2 | 0 | |a správa verejná |
| 610 | 2 | 0 | |a úpravy právne |
| 610 | 2 | 0 | |a Slovensko |
| 610 | 2 | 0 | |a história |
| 100 | 1 | |a Nikodým, Dušan | |